000
00296nam a2200121 a 4500
008
100917s1983|||| d
100
1
_a
Drug, Štefan
245
1
0
_a
Dobrý deň človek...
020
_c
25
044
_a
xo
_c
SK
041
_a
slo
260
_b
Slovenský spisovateľ
_a
Bratislava
_c
1983
999
_c
10409
_d
10409